[Event "Eq:Los Tercios-Clubul Central de Sah : "]
[Site "www.chess-mail.com"]
[Date "2015.11.24"]
[Round "1"]
[White "Rocadamare"]
[Black "Churrasca"]
[WhiteElo "2650"]
[BlackElo "2170"]
[Result "0-1"]
[Round "1"]
1.Ng1f3 Ng8f6
2.c4 c5
3.Nb1c3 Nb8c6
4.g3 e6
5.Bf1g2 Bf8e7
6.d4 cxd4
7.Nf3xd4 O-O
8.O-O d5
9.Bc1f4 h6
10.Ra1c1 Qd8b6
11.Bf4e3 Qb6xb2
12.Nd4b5 Qb2b4
13.cxd5 Rf8d8
 { time }
0-1

[Event "Eq:Equipo Juan Diaz-Clubul Central de Sah : "]
[Site "www.chess-mail.com"]
[Date "2015.11.24"]
[Round "1"]
[White "Astigitana"]
[Black "Rocadamare"]
[WhiteElo "2300"]
[BlackElo "2660"]
[Result "1-0"]
[Round "1"]
1.d4 Ng8f6
2.c4 g6
3.Nb1c3 d5
4.cxd5 Nf6xd5
5.e4 Nd5xc3
6.bxc3 Bf8g7
7.Bf1c4 c5
8.Ng1e2 O-O
9.O-O Nb8c6
10.Bc1e3  { time }
1-0

[Event "Eq:Clubul Central de Sah-Slap Shot Mates : "]
[Site "www.chess-mail.com"]
[Date "2015.11.24"]
[Round "1"]
[White "Rocadamare"]
[Black "Jpmartinez"]
[WhiteElo "2660"]
[BlackElo "2460"]
[Result "0-1"]
[Round "1"]
1.e4 c5
2.Ng1f3 Nb8c6
3.Bf1b5 g6
4.O-O Bf8g7
5.Nb1c3 e5
6.d3 Ng8e7
7.Bb5c4 O-O
8.Bc1g5 d6
 { time }
0-1

[Event "Eq:Clubul Central de Sah-Slap Shot Mates : "]
[Site "www.chess-mail.com"]
[Date "2015.11.24"]
[Round "1"]
[White "Jpmartinez"]
[Black "Rocadamare"]
[WhiteElo "2460"]
[BlackElo "2660"]
[Result "1-0"]
[Round "1"]
1.Ng1f3 c5
2.c4 Nb8c6
3.d4 cxd4
4.Nf3xd4 Ng8f6
5.Nb1c3 e6
6.g3 Qd8b6
7.Nd4b3 Nc6e5
8.e4  { time }
1-0

[Event "Eq:La Taverne-Team USA : "]
[Site "www.chess-mail.com"]
[Date "2015.11.24"]
[Round "1"]
[White "Traub"]
[Black "Tomcapp"]
[WhiteElo "1720"]
[BlackElo "1630"]
[Result "0-1"]
[Round "1"]
1.e4 e5
2.Ng1f3 Nb8c6
3.Bf1b5 Bf8c5
4.O-O Ng8f6
5.d3 a6
6.Bb5xc6 dxc6
7.Nb1c3 Bc8g4
8.h3 Bg4xf3
9.Qd1xf3 Bc5d4
10.Nc3e2 b5
11.Ne2xd4 exd4
12.Bc1g5 c5
 { time }
0-1

[Event "Tourn. n8306"]
[Site "www.chess-mail.com"]
[Date "2015.11.25"]
[Round "1"]
[White "Xkafi"]
[Black "Ericleo1980"]
[WhiteElo "1960"]
[BlackElo "1809"]
[Result "0-1"]
[Round "1"]
1.Ng1f3 d5
2.a3 c5
3.c4 d4
4.d3 Qd8c7
5.g3 e5
6.e3 Bc8g4
7.Bf1g2 Bf8d6
8.h3 Bg4h5
9.Qd1a4 Nb8d7
10.O-O h6
11.Nf3h4 Ng8e7
12.Nb1d2 Bh5e2
13.Rf1e1 Be2xd3
14.e4 f5
15.f3 g5
16.Nh4xf5 Ne7xf5
17.exf5 Bd3xf5
18.Nd2e4 O-O
19.b4 Bf5xe4
20.Re1xe4 cxb4
21.axb4 Nd7b6
22.Qa4b3 Qc7xc4
23.Qb3xc4 Nb6xc4
24.Ra1b1 b5
25.h4 Bd6e7
26.hxg5 hxg5
27.Re4g4 Ra8d8
28.Bc1xg5 Be7xg5
29.Rg4xg5 Kf7
30.Rb1a1 Rd8d7
31.Bg2h3 Rd7b7
32.Bh3f1 Kf6
33.Rg5h5 Kg6
34.Rh5h3 Rf8f6
35.Bf1d3 Kg5
36.Kg2 Nc4e3
37.Kf2 Rb7f7
38.g4 Ne3xg4
39.Ke2 e4
40.Bd3xe4 Ng4e3
41.Ra1g1 Kf4
42.Rh3h4 Ke5
43.Rg1g5 Ne3f5
44.Kd3 Ke6
45.Rh4h8 Rf7f8
46.Rh8h7 Rf8f7
47.Rh7h1 Rf7c7
48.Rh1a1 Nf5d6
49.Ra1a6 Kd7
50.Rg5g7 Rf6f7
51.Rg7g6 Nd6xe4
52.fxe4 Kc8
53.Rg6g5 Rc7c3
54.Kxd4 Rc3c4
55.Kd3 Rc4xb4
56.Rg5g8 Kb7
57.Rg8g6 Rf7f3
58.Ke2 Rf3h3
59.Ra6d6 Rb4b2
60.Rd6d2 Rh3h2
61.Ke3 Rb2xd2
62.e5 Rh2e2
63.Kf4 Rd2d4
64.Kf5 Rd4e4
{ resign }
0-1

[Event "Tourn. n8446"]
[Site "www.chess-mail.com"]
[Date "2015.11.25"]
[Round "1"]
[White "Norlavuaram"]
[Black "Wwgia"]
[WhiteElo "2170"]
[BlackElo "2200"]
[Result "0-1"]
[Round "1"]
1.e4 c5
2.Ng1f3 d6
3.d4 cxd4
4.Nf3xd4 Ng8f6
5.Nb1c3 g6
6.Bc1e3 Bf8g7
7.Bf1c4 O-O
8.f3 Nb8c6
9.Qd1d2 Bc8d7
10.O-O-O Ra8c8
11.Bc4b3 Nc6e5
12.h4 h5
13.Be3g5 Rc8c5
14.g4 hxg4
15.h5 Nf6xh5
16.Rh1xh5 gxh5
17.f4 Ne5c4
18.Bb3xc4 Rc5xc4
19.Nd4e2 Qd8a5
20.Rd1h1 Rf8c8
21.Rh1xh5 Rc4xc3
22.Ne2xc3 Rc8xc3
23.bxc3 Bg7xc3
24.Qd2d5 Qa5a3
25.Kd1 Qa3b2
26.f5 Qb2b1
27.Ke2 Bd7b5
28.Kf2 Qb1f1
29.Kg3 Bc3e1
30.Kh2 g3
{ resign }
0-1

[Event "Tourn. n8423"]
[Site "www.chess-mail.com"]
[Date "2015.11.25"]
[Round "1"]
[White "Libiesse"]
[Black "Hundegana"]
[WhiteElo "2090"]
[BlackElo "2020"]
[Result "1-0"]
[Round "1"]
1.d4 c5
2.d5 d6
3.c4 Bc8d7
4.Nb1c3 a6
5.Ng1f3 g6
6.b3 Bf8g7
7.Bc1b2 e6
8.e4 e5
9.Nf3d2 Ng8e7
10.Bf1d3 b5
11.cxb5 axb5
12.Bd3xb5 O-O
13.O-O Qd8b6
14.Bb5xd7 Nb8xd7
15.Qd1g4 Nd7f6
16.Qg4e2 Rf8c8
17.Kh1 c4
18.Nd2xc4 Qb6b8
19.f4 Nf6d7
20.Rf1f3 f5
21.Rf3h3 exf4
22.exf5 Ne7xf5
23.Qe2e6 Kh8
24.Qe6xg6 Nf5h6
25.Rh3xh6 Nd7f8
26.Rh6xh7 Nf8xh7
27.Nc4xd6 Rc8f8
28.Nd6f7 Rf8xf7
29.Qg6xf7 Ra8a7
30.Qf7e6 Nh7g5
31.Qe6e1 Kh7
32.Qe1h4 Bg7h6
33.d6 Qb8xd6
34.Nc3b5 Qd6b8
35.Nb5xa7 Qb8xa7
36.Qh4xf4 Qa7d7
37.Qf4d4 Qd7xd4
38.Bb2xd4 Ng5e4
39.a4 Kg8
40.Ra1e1 Ne4d2
41.b4 Nd2b3
42.Bd4c5 Bh6f4
43.a5 Nb3xc5
44.bxc5 Bf4d2
45.Re1a1 Bd2f4
46.a6 Bf4b8
47.a7 Bb8xa7
48.Ra1xa7 { resign }
1-0

[Event "Tourn. n8442"]
[Site "www.chess-mail.com"]
[Date "2015.11.25"]
[Round "1"]
[White "Huw"]
[Black "Norlavuaram"]
[WhiteElo "2040"]
[BlackElo "2150"]
[Result "1-0"]
[Round "1"]
1.d4 Ng8f6
2.c4 g6
3.Ng1f3 Bf8g7
4.Nb1c3 O-O
5.e4 d6
6.Bf1e2 e5
7.O-O Nb8c6
8.d5 Nc6e7
9.b4 Nf6e8
10.c5 f5
11.a4 h6
12.Nf3d2 f4
13.Bc1a3 Ne8f6
14.Nd2c4 Nf6e8
15.Qd1d3 g5
16.Be2h5 Ne8f6
17.Bh5d1 g4
18.f3 gxf3
19.Bd1xf3 Nf6e8
20.Bf3h5 Rf8f6
21.Ba3b2 a6
22.b5 axb5
23.axb5 Ra8xa1
24.Rf1xa1 Bg7f8
25.Ra1a8 Ne8g7
26.Bh5g4 Rf6g6
27.Bg4xc8 Ne7xc8
28.Qd3h3 Qd8g5
29.Ra8xc8 f3
30.Qh3xf3 Rg6f6
31.Qf3g3 Qg5h5
32.b6 cxb6
33.cxd6 { resign }
1-0

[Event "Tourn. n8410"]
[Site "www.chess-mail.com"]
[Date "2015.11.25"]
[Round "1"]
[White "Xkafi"]
[Black "Mitja"]
[WhiteElo "2030"]
[BlackElo "2000"]
[Result "1-0"]
[Round "1"]
1.e4 d5
2.e5 e6
3.c4 dxc4
4.Bf1xc4 c6
5.Nb1c3 Nb8d7
6.d4 Nd7b6
7.Bc4b3 h6
8.Qd1h5 Ng8e7
9.Bc1g5 Qd8xd4
10.Bg5xe7 Bf8xe7
11.Ng1e2 Qd4c5
12.O-O Be7f6
13.Nc3e4 Qc5xe5
14.Ne2g3 O-O
15.Rf1e1 Qe5xb2
16.Ra1b1 Qb2e5
17.Rb1d1 Qe5xh5
18.Ng3xh5 Bf6e7
19.Re1e3 Nb6d5
20.Re3g3 g6
21.Bb3xd5 cxd5
22.Ne4c3 Bc8d7
23.Nc3e2 Be7h4
24.Rg3g4 Bh4e7
25.Nh5g3 e5
26.h3 Bd7xg4
27.hxg4 Be7h4
28.Rd1xd5 Bh4xg3
29.Ne2xg3 f6
30.Ng3e4 Kg7
31.Rd5d7 Rf8f7
32.Rd7d6 Ra8c8
33.Rd6d2 Rc8c1
34.Kh2 Rf7c7
35.Rd2d6 Rc7f7
36.a4 b6
37.Kg3 f5
38.gxf5 Rf7xf5
39.Kh2 Rc1c4
40.Rd6d7 Rf5f7
41.Rd7xf7 { resign }
1-0

[Event "Tourn. n8442"]
[Site "www.chess-mail.com"]
[Date "2015.11.25"]
[Round "1"]
[White "Norlavuaram"]
[Black "Hundegana"]
[WhiteElo "2160"]
[BlackElo "2030"]
[Result "1-0"]
[Round "1"]
1.e4 e5
2.Ng1f3 d6
3.d4 exd4
4.Nf3xd4 g6
5.Bc1e3 Bf8g7
6.Bf1c4 a6
7.O-O c5
8.Nd4f3 Bg7xb2
9.Nb1d2 Bb2xa1
10.Qd1xa1 f6
11.Nf3g5 Ng8h6
12.Ng5e6 Bc8xe6
13.Be3xh6 Be6xc4
14.Nd2xc4 Nb8d7
15.Nc4xd6 Ke7
16.Rf1d1 Rh8g8
17.Bh6e3 b6
18.f4 Qd8c7
19.e5 fxe5
20.fxe5 g5
21.Nd6f5 Ke6
22.Rd1d6 Kxf5
23.Rd6h6 Qc7xe5
24.Qa1f1 Qe5f4
25.Be3xf4 gxf4
26.Qf1d3 Kg5
27.Qd3xh7 Nd7f6
28.h4 Kg4
29.Rh6xf6 b5
30.h5 Ra8d8
31.Rf6g6 Rg8xg6
32.Qh7xg6 Kh4
33.Qg6f6 Kxh5
34.Qf6xd8 c4
35.Kf2 Kg4
36.Qd8d5 c3
37.Qd5f3 Kg5
38.Ke2 b4
39.Kd3 a5
40.Ke4 a4
41.Qf3xf4 Kg6
42.g4 b3
43.axb3 axb3
44.cxb3 c2
45.b4 c1Q
46.Qf4xc1 { resign }
1-0

[Event "Tourn. n8475"]
[Site "www.chess-mail.com"]
[Date "2015.11.25"]
[Round "1"]
[White "Ericleo1980"]
[Black "Faerieking"]
[WhiteElo "2280"]
[BlackElo "2300"]
[Result "1-0"]
[Round "1"]
1.e4 d5
2.exd5 Ng8f6
3.d4 Bc8g4
4.Ng1f3 Qd8xd5
5.Nb1c3 Bg4xf3
6.Nc3xd5 Bf3xd1
7.Nd5xc7 Kd7
8.Nc7xa8 Bd1xc2
9.Bc1f4 e5
10.dxe5 Bf8b4
11.Bf4d2 { resign }
1-0

[Event "Tourn. n8365"]
[Site "www.chess-mail.com"]
[Date "2015.11.25"]
[Round "1"]
[White "Jhw"]
[Black "Osopanda"]
[WhiteElo "1880"]
[BlackElo "1930"]
[Result "0-1"]
[Round "1"]
1.c4 Ng8f6
2.e3 g6
3.Nb1c3 Bf8g7
4.d4 O-O
5.Bf1d3 d6
6.f3 c6
7.Bc1d2 Qd8c7
8.b4 e5
9.Ng1e2 Nb8d7
10.Ra1c1 Rf8e8
11.d5 cxd5
12.cxd5 Nd7f8
13.e4 h5
14.h4 Nf8h7
15.a4 Qc7b6
16.Nc3b5 a6
17.Nb5c7 Bc8d7
18.Nc7xa8 Re8xa8
19.a5 Qb6d8
20.f4 exf4
21.Bd2xf4 Qd8e7
22.Rc1c7 Ra8d8
23.Rc7xb7 Nf6e8
24.Ne2c3 f5
25.Nc3e2 fxe4
26.Bd3xa6 Bg7e5
27.Qd1b1 Nh7f6
28.Bf4xe5 Qe7xe5
29.Ba6c4 Rd8c8
30.Bc4b3 Ne8g7
31.a6 Bd7g4
32.a7 Bg4xe2
33.Kxe2 Ng7f5
34.Rb7b8 Qe5e8
35.Rb8xc8 Qe8xc8
36.Rh1c1 Qc8a6
37.Ke1 Nf5g3
38.b5 Qa6xa7
39.Rc1c8 Kh7
40.Qb1c1 Qa7g1
41.Kd2 e3
42.Kd3 Qg1xc1
43.Rc8xc1 e2
44.b6 Nf6e4
45.b7 Ne4c5
46.Kd2 Nc5xb3
47.Ke1 Nb3xc1
48.Kf2 Nc1d3
49.Kf3 e1Q
{ resign }
0-1

[Event "Tourn. n8392"]
[Site "www.chess-mail.com"]
[Date "2015.11.25"]
[Round "1"]
[White "Julian"]
[Black "Jhw"]
[WhiteElo "1830"]
[BlackElo "1930"]
[Result "1/2-1/2"]
[Round "1"]
1.e4 e5
2.Ng1f3 Nb8c6
3.d4 exd4
4.c3 dxc3
5.Nb1xc3 Bf8b4
6.Bc1d2 Bb4xc3
7.Bd2xc3 f6
8.Bf1c4 Qd8e7
9.O-O d6
10.Rf1e1 Nc6e5
11.Nf3xe5 fxe5
12.Qd1b3 Ng8f6
13.Ra1d1 Bc8d7
14.f4 b6
15.fxe5 dxe5
16.Bc4d5 c6
17.Bc3b4 c5
18.Bb4d2 O-O-O
19.Bd2g5 b5
20.Qb3a3 Kb8
21.Bg5xf6 gxf6
22.Qa3a6 Bd7g4
23.Rd1d3 Rd8d6
24.Qa6xb5 Rd6b6
25.Qb5a5 h5
26.Rd3b3 Rb6xb3
27.axb3 Bg4e6
28.Bd5xe6 Qe7xe6
29.Re1c1 Qe6xb3
30.Qa5xc5 Qb3xb2
31.Qc5c7 Ka8
32.h3 Qb2b6
33.Qc7xb6 axb6
34.Rc1c6 Rh8f8
35.Rc6xb6 Ka7
36.Rb6b4 h4
37.Kf2 Ka6
38.Kf3 Rf8c8
39.Rb4b2 Ka5
40.Kg4 Rc8c4
41.Kf5 Ka4
42.Rb2e2 Rc4c6
{ draw }
1/2-1/2

[Event "Tourn. n8379"]
[Site "www.chess-mail.com"]
[Date "2015.11.25"]
[Round "1"]
[White "Osopanda"]
[Black "Jhw"]
[WhiteElo "1910"]
[BlackElo "1920"]
[Result "1-0"]
[Round "1"]
1.c4 c5
2.Ng1f3 g6
3.d4 Bf8g7
4.Nb1c3 cxd4
5.Nf3xd4 Nb8c6
6.e3 Qd8b6
7.Nc3d5 Qb6d8
8.Bf1e2 Nc6xd4
9.exd4 e6
10.Nd5e3 Qd8b6
11.O-O Bg7xd4
12.Ra1b1 f5
13.Be2f3 f4
14.Ne3c2 Bd4c5
15.Bc1xf4 Ng8e7
16.b4 Bc5xf2
17.Rf1xf2 O-O
18.Bf4h6 Rf8f7
19.c5 Qb6c7
20.Nc2d4 d5
21.Nd4b5 Qc7d7
22.Nb5d6 Rf7f6
23.Bh6g5 Rf6f8
24.Rb1b3 b6
25.Bf3g4 Rf8xf2
26.Kxf2 bxc5
27.bxc5 Ne7c6
28.Rb3e3 Qd7g7
29.Bg4xe6 Bc8xe6
30.Re3xe6 Ra8f8
31.Kg1 Nc6d4
32.h3 Nd4xe6
33.Bg5h4 Ne6xc5
34.Qd1xd5 Kh8
35.Qd5xc5 Qg7a1
36.Kh2 Rf8f1
37.Qc5c8 Kg7
38.Nd6e8 Kh6
39.Bh4g5 Kxg5
40.Qc8g4 { resign }
1-0

[Event "Tourn. n8439"]
[Site "www.chess-mail.com"]
[Date "2015.11.25"]
[Round "1"]
[White "Wwgia"]
[Black "Hundegana"]
[WhiteElo "2200"]
[BlackElo "2010"]
[Result "0-1"]
[Round "1"]
1.d4 c5
2.d5 d6
3.Nb1c3 Bc8d7
4.e4 e6
5.Ng1f3 e5
6.Bf1e2 h6
7.O-O Ng8e7
8.Nf3d2 a6
9.a4 g6
10.Nd2c4 Ne7c8
11.f4 f6
12.fxe5 dxe5
13.Bc1e3 Nc8b6
14.Nc4xb6 Qd8xb6
15.Qd1d2 Kf7
16.a5 Qb6c7
17.Nc3a4 Bd7xa4
18.Ra1xa4 Nb8d7
19.b4 cxb4
20.Ra4xb4 Bf8xb4
21.Qd2d3 Bb4xa5
{ resign }
0-1

[Event "Tourn. n8463"]
[Site "www.chess-mail.com"]
[Date "2015.11.25"]
[Round "1"]
[White "Masteratches"]
[Black "Naujzaid"]
[WhiteElo "1949"]
[BlackElo "1910"]
[Result "1-0"]
[Round "1"]
1.d4 d5
2.c4 e6
3.Ng1f3 Ng8f6
4.Nb1c3 Bf8e7
5.Bc1f4 O-O
6.cxd5 Nf6xd5
7.Bf4d2 Nb8d7
8.e4 Nd5xc3
9.bxc3 c5
10.Bf1c4 a6
11.a4 b6
12.Qd1e2 Bc8b7
13.O-O Nd7f6
14.Bc4d3 Rf8e8
15.e5 Nf6d7
16.Bd2e3 Bb7xf3
17.gxf3 cxd4
18.cxd4 Be7g5
19.Bd3xa6 Nd7f8
20.f4 Bg5e7
21.Ba6b5 Nf8d7
22.Rf1d1 Re8f8
23.d5 { resign }
1-0

[Event "Tourn. n8462"]
[Site "www.chess-mail.com"]
[Date "2015.11.25"]
[Round "1"]
[White "Wwgia"]
[Black "Norlavuaram"]
[WhiteElo "2200"]
[BlackElo "2260"]
[Result "1-0"]
[Round "1"]
1.d4 Ng8f6
2.c4 c5
3.d5 e6
4.Nb1c3 exd5
5.cxd5 d6
6.Bc1f4 a6
7.a4 g6
8.Ng1f3 Bf8g7
9.e4 O-O
10.Bf1e2 Rf8e8
11.Nf3d2 Qd8c7
12.O-O Nb8d7
13.Be2f3 Nd7f8
14.Nd2c4 Re8d8
15.a5 Nf6e8
16.Nc3a4 Bc8d7
17.Na4b6 Ra8b8
18.Rf1e1 Bd7b5
19.Ra1c1 Nf8d7
20.Nb6xd7 Bb5xd7
21.e5 dxe5
22.Nc4xe5 Ne8d6
23.b4 c4
24.Ne5xc4 { resign }
1-0

[Event "Match"]
[Site "www.echecsemail.com"]
[Date "2015.11.25"]
[Round "1"]
[White "Mitja"]
[Black "Jhw"]
[WhiteElo "1970"]
[BlackElo "1930"]
[Result "1-0"]
[Round "1"]
1.d4 b5
2.e3 c6
3.Ng1f3 b4
4.c3 a5
5.Bf1e2 e6
6.O-O Bc8b7
7.cxb4 axb4
8.a3 f6
9.b3 d5
10.a4 Bf8e7
11.Qd1c2 f5
12.Nf3e5 Ng8f6
13.Bc1b2 h5
14.h3 Rh8h6
15.Nb1d2 Nf6e4
16.Nd2xe4 fxe4
17.Qc2d1 Be7g5
18.Be2xh5 Ke7
19.Qd1g4 Kf8
20.Ne5f7 Qd8f6
21.f4 Bg5h4
22.Nf7xh6 gxh6
23.g3 Bb7a6
24.Rf1f2 Bh4xg3
25.Qg4xg3 Ra8a7
26.Rf2g2 Ra7g7
27.Qg3f2 Rg7xg2
28.Qf2xg2 Nb8d7
29.Bh5e2 Ba6c8
30.Kh1 Ke7
31.a5 c5
32.a6 Nd7b6
33.a7 Bc8b7
34.Qg2g8 Qf6h4
35.Kg2 c4
36.Qg8h7 Kf6
37.Qh7xb7 c3
38.Bb2xc3 bxc3
39.Qb7xb6 { resign }
1-0

[Event "Match"]
[Site "www.echecsemail.com"]
[Date "2015.11.25"]
[Round "1"]
[White "Acucar1"]
[Black "Darknight"]
[WhiteElo "1640"]
[BlackElo "1640"]
[Result "1-0"]
[Round "1"]
1.e4 e5
2.Ng1f3 d6
3.Nb1c3 c6
4.d4 exd4
5.Qd1xd4 h6
6.Bc1f4 Bc8g4
7.O-O-O Ng8f6
8.e5 Nf6h5
9.exd6 Nh5f6
10.Rd1e1 Bg4e6
11.Bf1c4 Nf6d5
12.Nc3xd5 cxd5
13.Qd4xd5 Nb8c6
14.Re1xe6 fxe6
15.Qd5xe6 Bf8e7
16.Qe6g6 { resign }
1-0

[Event "Match"]
[Site "www.echecsemail.com"]
[Date "2015.11.25"]
[Round "1"]
[White "Hundegana"]
[Black "Coraza"]
[WhiteElo "1950"]
[BlackElo "1789"]
[Result "1-0"]
[Round "1"]
1.e4 e5
2.Ng1f3 Nb8c6
3.b3 Ng8f6
4.d3 h6
5.Bf1e2 Bf8c5
6.h3 Bc5d4
7.Nf3xd4 Nc6xd4
8.Be2f1 d6
9.c3 Nd4c6
10.Bf1e2 b6
11.Bc1e3 Bc8b7
12.O-O Qd8d7
13.Nb1d2 O-O-O
14.a4 g5
15.Be2g4 Nf6xg4
16.Qd1xg4 Qd7xg4
17.hxg4 Nc6e7
18.b4 f6
19.a5 Bb7a6
20.c4 h5
21.gxh5 Rh8xh5
22.f3 Rd8h8
23.Kf2 f5
24.Nd2b3 fxe4
25.b5 Ba6b7
26.dxe4 Ne7g6
27.axb6 axb6
28.Kg3 Kd7
29.Rf1d1 Bb7c8
30.Ra1a7 Kd8
31.Nb3a1 Ng6h4
32.Na1b3 Nh4xg2
33.Kxg2 Rh5h2
34.Kf1 Rh2h1
35.Be3g1 Rh8h3
36.Kg2 Bc8e6
37.Nb3d2 g4
38.Ra7a8 Kd7
39.Rd1a1 g3
40.Ra1c1 Rh3h4
41.Kxg3 Rh4h3
42.Kg2 Be6f7
43.Nd2f1 Bf7h5
44.Ra8a3 Bh5g6
45.Ra3e3 Rh3h8
46.Nf1g3 Rh1h4
47.Ng3f5 Bg6xf5
48.exf5 Rh8g8
49.Kf2 Ke7
50.Re3e4 Rh4h7
51.Re4g4 Rg8f8
52.Rc1a1 Rf8xf5
53.Kg3 Rf5h5
54.Kf2 Rh5f5
55.Ra1a7 Kd7
56.Kg2 Rh7f7
57.Bg1xb6 Kc8
58.Rg4g8 Rf7f8
59.Rg8xf8 Rf5xf8
60.Ra7a8 Kb7
61.Ra8xf8 cxb6
62.Rf8f7 Kc8
63.Kg3 Kd8
64.Rf7b7 Kc8
65.Rb7xb6 Kc7
66.Rb6a6 { resign }
1-0

[Event "Match"]
[Site "www.echecsemail.com"]
[Date "2015.11.25"]
[Round "1"]
[White "Jhw"]
[Black "Pare123"]
[WhiteElo "1960"]
[BlackElo "1950"]
[Result "1-0"]
[Round "1"]
1.b4 b6
2.e4 e5
3.Ng1f3 d6
4.c4 Bc8b7
5.d3 Bf8e7
6.Nb1c3 Ng8f6
7.b5 O-O
8.Nf3h4 g6
9.Bc1h6 Rf8e8
10.Bf1e2 Be7f8
11.Bh6xf8 Kxf8
12.Qd1d2 Kg7
13.g4 Nf6xe4
14.Nc3xe4 Qd8xh4
15.Be2f3 Nb8d7
16.O-O-O f5
17.gxf5 gxf5
18.Ne4xd6 Bb7xf3
19.Nd6xf5 { resign }
1-0

[Event "Match"]
[Site "www.echecsemail.com"]
[Date "2015.11.25"]
[Round "1"]
[White "Chapi"]
[Black "Jhw"]
[WhiteElo "2030"]
[BlackElo "1920"]
[Result "1-0"]
[Round "1"]
1.d4 c6
2.c4 e6
3.Nb1c3 h6
4.Ng1f3 b5
5.cxb5 cxb5
6.Nc3xb5 Bf8b4
7.Bc1d2 Qd8a5
8.Nb5d6 Ke7
9.Nd6xc8 Kf6
10.Nc8d6 g5
11.Nd6c4 Bb4xd2
12.Nf3xd2 Qa5c7
13.e3 Nb8c6
14.Bf1e2 Ng8e7
15.O-O d5
16.Nc4a3 Ne7g6
17.Ra1c1 a6
18.Qd1a4 Ng6e7
19.Rc1c2 Kg6
20.Nd2f3 f6
21.Rf1c1 Rh8b8
22.b4 Rb8xb4
23.Qa4xb4 Ra8b8
24.Qb4a4 g4
25.Nf3h4 Kg5
26.g3 a5
27.Be2b5 { resign }
1-0

[Event "Match"]
[Site "www.echecsemail.com"]
[Date "2015.11.25"]
[Round "1"]
[White "Heiserman"]
[Black "Jhw"]
[WhiteElo "2110"]
[BlackElo "1940"]
[Result "1-0"]
[Round "1"]
1.d4 c5
2.d5 e6
3.c4 d6
4.e4 exd5
5.cxd5 f5
6.Bf1b5 Bc8d7
7.Bb5xd7 Qd8xd7
8.exf5 Qd7xf5
9.Nb1c3 Nb8d7
10.Ng1f3 Ng8f6
11.O-O a6
12.Rf1e1 Nd7e5
13.Nf3h4 Qf5h5
14.Qd1xh5 Nf6xh5
15.f4 Bf8e7
16.fxe5 Be7xh4
17.Re1e4 g5
18.g3 Bh4xg3
19.hxg3 Nh5xg3
20.Re4g4 Ng3f5
21.Rg4xg5 Nf5h4
22.Nc3e4 Nh4f3
23.Kf2 Nf3xg5
24.Ne4xd6 Kd7
25.Bc1xg5 Ra8f8
26.Ke3 Rh8g8
27.Bg5f4 b5
28.Ra1h1 Rg8g7
29.e6 Ke7
30.Bf4e5 Rg7g8
31.Rh1xh7 { resign }
1-0

[Event "Match"]
[Site "www.echecsemail.com"]
[Date "2015.11.25"]
[Round "1"]
[White "Jacks"]
[Black "Nimzo"]
[WhiteElo "2820"]
[BlackElo "2790"]
[Result "1/2-1/2"]
[Round "1"]
1.d4 d5
2.Bc1f4 Ng8f6
3.e3 e6
4.Ng1f3 c5
5.c3 Nb8c6
6.Nb1d2 Bf8d6
7.Bf4g3 O-O
8.Bf1d3 b6
9.Nf3e5 Bc8b7
10.f4 Nc6e7
11.Qd1f3 Ne7f5
12.Bg3f2 Bd6e7
13.O-O Nf5d6
14.Qf3h3 c4
15.Bd3c2 Nf6e4
16.Ne5f3 a5
17.a4 g6
18.Ra1d1 h5
19.Bf2h4 Be7xh4
20.Nd2xe4 dxe4
21.Nf3xh4 Bb7d5
22.Qh3g3 Nd6f5
23.Nh4xf5 exf5
{ draw }
1/2-1/2

[Event "1/64 Finale"]
[Site "www.chess-mail.com"]
[Date "2015.11.25"]
[Round "1"]
[White "Emiondi"]
[Black "Jhw"]
[WhiteElo "2139"]
[BlackElo "1910"]
[Result "1-0"]
[Round "1"]
1.d4 c5
2.d5 e6
3.c4 d6
4.Nb1c3 Bc8d7
5.e4 g6
6.Ng1f3 Bf8e7
7.Bf1d3 a6
8.a4 exd5
9.exd5 Bd7g4
10.O-O Nb8d7
11.Bd3e2 Bg4xf3
12.Be2xf3 Nd7e5
13.b3 Ne5xf3
14.Qd1xf3 Be7f6
15.Rf1e1 Kd7
16.Bc1d2 Kc7
17.Ra1b1 Qd8d7
18.Nc3e4 Bf6d4
19.Bd2f4 Kb6
20.b4 cxb4
21.Rb1xb4 Ka7
22.Ne4xd6 b6
23.Nd6xf7 Qd7xf7
24.Bf4b8 Ra8xb8
25.Qf3xf7 Rb8b7
26.Qf7f3 { resign }
1-0

[Event "1/64 Finale"]
[Site "www.chess-mail.com"]
[Date "2015.11.25"]
[Round "1"]
[White "Alvarin111"]
[Black "Panham"]
[WhiteElo "1940"]
[BlackElo "2170"]
[Result "0-1"]
[Round "1"]
1.e4 e6
2.d4 d5
3.e5 c5
4.c3 Nb8c6
5.Ng1f3 Qd8b6
6.Bf1e2 Bc8d7
7.O-O Ng8h6
8.h3 cxd4
9.cxd4 Nh6f5
10.Nb1c3 Nf5xd4
11.Nf3xd4 Nc6xd4
12.Bc1e3 Nd4xe2
13.Qd1xe2 Qb6c7
14.Be3d4 Bf8e7
15.f4 O-O
16.Rf1f3 Ra8c8
17.Bd4xa7 b6
18.Nc3b5 Bd7xb5
19.Qe2xb5 Qc7xa7
20.Rf3b3 Rc8c4
21.g3 Rf8c8
22.Rb3c3 Rc4xc3
23.bxc3 Rc8xc3
24.a4 Rc3c2
25.g4 Qa7c7
26.Ra1f1 Qc7c3
{ resign }
0-1

[Event "1/16 Finale"]
[Site "www.chess-mail.com"]
[Date "2015.11.25"]
[Round "1"]
[White "Guidom"]
[Black "Hwj"]
[WhiteElo "2010"]
[BlackElo "2810"]
[Result "0-1"]
[Round "1"]
1.e4 c5
2.Ng1f3 d6
3.d4 cxd4
4.Nf3xd4 Ng8f6
5.Nb1c3 a6
6.Bf1d3 e5
7.Nd4f3 Bf8e7
8.Bc1g5 Bc8e6
9.O-O Nb8d7
10.h3 Ra8c8
11.Qd1d2 O-O
12.Ra1d1 h6
13.Bg5h4 Qd8b6
14.b3 Be7d8
15.Nc3e2 g5
16.Bh4g3 Nd7c5
17.Qd2e3 Nc5xe4
18.Qe3xb6 Bd8xb6
19.c4 Bb6a5
20.Bd3c2 b5
21.Bc2xe4 Nf6xe4
22.cxb5 Rc8c2
23.Ne2c1 axb5
24.Kh2 f5
25.Bg3xe5 dxe5
26.Nf3xe5 Rc2xf2
27.Rf1xf2 Ne4xf2
28.Rd1f1 Ba5c7
29.Rf1xf2 Bc7xe5
30.Kh1 Rf8d8
31.Rf2f1 Rd8d2
32.Rf1e1 Be5g3
33.Re1f1 Be6d5
34.Rf1g1 f4
{ resign }
0-1

[Event "Eq:Clubul Central de Sah-chibcha : "]
[Site "www.chess-mail.com"]
[Date "2015.11.25"]
[Round "1"]
[White "Rocadamare"]
[Black "Karlgrocer"]
[WhiteElo "2640"]
[BlackElo "1940"]
[Result "0-1"]
[Round "1"]
1.e4 d6
2.d4 e6
3.Ng1f3 Ng8f6
4.Bf1d3 Bf8e7
5.O-O O-O
6.Rf1e1 a6
7.h3 Nf6d7
8.c3 c5
9.d5 e5
10.a4 Rf8e8
11.Nb1a3 Nd7b6
12.a5 Nb6d7
13.Na3c4 b5
14.Nc4d2 c4
15.Bd3f1 Nd7f8
16.b3 cxb3
17.c4 bxc4
18.Nd2xc4 Nb8d7
19.Bc1a3 Ra8b8
 { time }
0-1

[Event "Eq:Clubul Central de Sah-chibcha : "]
[Site "www.chess-mail.com"]
[Date "2015.11.25"]
[Round "1"]
[White "Karlgrocer"]
[Black "Rocadamare"]
[WhiteElo "1940"]
[BlackElo "2640"]
[Result "1-0"]
[Round "1"]
1.Ng1f3 c5
2.e3 e6
3.Bf1e2 d5
4.O-O Ng8f6
5.d4 Nb8d7
6.c3 b6
7.dxc5 bxc5
8.Nb1d2 Bc8b7
9.a3 c4
10.b4 Qd8c7
11.h3 a5
12.Bc1b2 Bf8e7
13.b5 a4
14.Nf3d4 Nd7c5
15.Qd1c2 O-O
16.Be2f3 g6
17.Rf1e1 e5
18.Nd4e2 e4
19.Ne2d4 exf3
20.Nd2xf3  { time }
1-0

[Event "Fast Game"]
[Site "www.echecsemail.com"]
[Date "2015.11.25"]
[Round "1"]
[White "Fkarpov"]
[Black "Libiesse"]
[WhiteElo "1850"]
[BlackElo "1679"]
[Result "1/2-1/2"]
[Round "1"]
1.e4 c5
2.Ng1f3 e6
3.Bf1c4 Nb8c6
4.O-O a6
5.a3 b5
6.Bc4e2 Ng8f6
7.e5 Nf6d5
8.c4 bxc4
9.Be2xc4 Nd5b6
10.Bc4b3 Qd8c7
11.Rf1e1 Bf8e7
12.d3 Bc8b7
13.Qd1e2 d6
14.Bc1f4 d5
15.Bb3c2 d4
16.Bf4g5 Ra8b8
{ draw }
1/2-1/2

[Event "Tourn. n8425"]
[Site "www.chess-mail.com"]
[Date "2015.11.26"]
[Round "1"]
[White "Cathar"]
[Black "Nimzo"]
[WhiteElo "2260"]
[BlackElo "2820"]
[Result "0-1"]
[Round "1"]
1.e4 e6
2.d3 d5
3.Qd1e2 Ng8f6
4.Ng1f3 Bf8e7
5.g3 b5
6.Bf1g2 c5
7.O-O O-O
8.e5 Nf6d7
9.h4 Nb8c6
10.Bc1f4 a5
11.Nb1d2 a4
12.a3 Qd8b6
13.Rf1e1 Bc8a6
14.h5 c4
15.h6 g6
{ resign }
0-1

[Event "Tourn. n8460"]
[Site "www.chess-mail.com"]
[Date "2015.11.26"]
[Round "1"]
[White "Passaroa25"]
[Black "Alexandrub"]
[WhiteElo "1650"]
[BlackElo "1589"]
[Result "1-0"]
[Round "1"]
1.e4 e5
2.Ng1e2 Ng8f6
3.Ne2g3 d5
4.f3 Nb8c6
5.c3 Bc8e6
6.Bf1e2 Bf8d6
7.d3 O-O
8.Nb1d2 Rf8e8
9.Nd2b3 d4
10.Bc1d2  { time }
1-0

[Event "Tourn. n8473"]
[Site "www.chess-mail.com"]
[Date "2015.11.26"]
[Round "1"]
[White "Libiesse"]
[Black "Goosebumps"]
[WhiteElo "2050"]
[BlackElo "2110"]
[Result "1/2-1/2"]
[Round "1"]
1.d4 e6
2.c4 d5
3.Ng1f3 Ng8f6
4.Bc1g5 Bf8e7
5.Nb1c3 Nb8c6
6.e3 O-O
7.cxd5 Nf6xd5
8.Bg5xe7 Qd8xe7
9.Bf1c4 Nd5b6
10.Bc4d3 a6
11.a3 Rf8d8
12.O-O e5
13.Nf3xe5 Nc6xe5
14.dxe5 Qe7xe5
15.Bd3xh7 Kxh7
16.Qd1xd8 Bc8e6
17.Qd8h4 Kg8
18.Ra1d1 f6
19.Qh4e4 Qe5xe4
20.Nc3xe4 Nb6c4
21.Ne4c5 Be6c8
22.Rd1d8 Kf7
23.Nc5d3 b6
24.Rf1c1 Ke7
25.Rd8g8 Kf7
26.Rg8d8 Ke7
27.Rd8g8 Kf7
28.Rg8d8 { draw }
1/2-1/2

[Event "Tourn. n8449"]
[Site "www.chess-mail.com"]
[Date "2015.11.26"]
[Round "1"]
[White "Norlavuaram"]
[Black "Wwgia"]
[WhiteElo "2170"]
[BlackElo "2200"]
[Result "0-1"]
[Round "1"]
1.e4 c5
2.Ng1f3 Nb8c6
3.d4 cxd4
4.Nf3xd4 g6
5.Nb1c3 Bf8g7
6.Bc1e3 Ng8f6
7.Bf1c4 O-O
8.f3 d6
9.Qd1d2 Nf6d7
10.O-O-O Nd7b6
11.Bc4b3 Nc6a5
12.Qd2e2 Bc8d7
13.h4 Ra8c8
14.f4 Nb6c4
15.h5 Na5xb3
16.axb3 Nc4xe3
17.Qe2xe3 Bd7g4
18.hxg6 hxg6
19.Nd4f3 Qd8a5
20.Kd2 a6
21.Rh1h4 Bg4xf3
22.gxf3 Rc8c5
23.f5 Rf8c8
24.Ke2 Rc5xc3
25.bxc3 Rc8xc3
26.Qe3d2 Qa5c5
27.Rd1c1 gxf5
28.exf5 Qc5xf5
29.f4 Qf5e4
30.Kd1 Rc3g3
31.Qd2f2 Qe4d5
32.Ke1 Bg7c3
33.Kf1 Rg3f3
{ resign }
0-1